London Underground Trivia - Statistics

General Stats
  • This quiz has been taken 367 times
  • The average score is 12 of 17
Answer Stats
Description Answer % Correct
Number of London Underground lines 11
89%
Longest line on the network (74km) Central line
89%
Line with the most stations District line
87%
Station served by Waterloo & City line, other than Waterloo Bank
84%
Electronic ticketing system with which passengers can travel Oyster
78%
Second longest line on the network (71km) Piccadilly line
77%
Station in Zone 1, intersection between Metropolitan, Hammersmith & City, Circle, Northern, Victoria and Piccadilly lines King's Cross St. Pancras
76%
Station in Zone 1, intersection between Jubilee, Victoria and Piccadilly lines Green Park
75%
Least used line (apart from Waterloo & City line) Metropolitan line
73%
Decade in which the Metropolitan Railway (now part of Hammersmith & City, Circle and Metropolitan lines) opened 1860s
70%
Furthest station from Central London, situated on the Metropolitan line Chesham
69%
Station in Zone 3, terminus of Central and District lines Ealing Broadway
63%
Station with the longest escalators (60m) Angel
61%
Colour of Waterloo & City line on standard tube map Turquoise
61%
Percentage of the system which is actually underground 45%
60%
Number of stations on this line 60
58%
BONUS: Name a station whose name does not contain any of the letters from the word "BREAKFAST" Hillingdon, Pimlico
23%
No matching quizzes found
Score Distribution
Percent of People with Each Score
Percentile by Number Answered
Your Score History
You have not taken this quiz